| 000 | 00599cam a22002411 4500 | ||
|---|---|---|---|
| 001 | sa 68005489 | ||
| 003 | DLC | ||
| 005 | 20260227112509.0 | ||
| 008 | 850212q19601969io 000 0 ind | ||
| 010 | _asa 68005489 | ||
| 025 | _aPL480:Indo-6966 | ||
| 035 | _a(OCoLC)11686235 | ||
| 040 |
_aDLC _cHU _dDLC |
||
| 042 | _apremarc | ||
| 050 | 0 | 0 |
_aRJ206 _b.T38 |
| 100 | 1 | _aTe, Bek Siang. | |
| 245 | 1 | 0 | _aDasar dan daftar makanan anak. |
| 260 |
_aDjakarta? _c[196-] |
||
| 300 |
_a46 l. _c32 cm. |
||
| 500 | _aRunning title. | ||
| 504 | _aBibliography: l. 46. | ||
| 650 | 0 |
_aChildren _xNutrition. |
|
| 999 |
_c80761 _d80761 |
||